| 000 | 00399nam a22001217a 4500 | ||
|---|---|---|---|
| 005 | 20260225091730.0 | ||
| 041 | _ae book (access through RRII e library) | ||
| 245 | _aCareer in rubber: Education, training & skill development | ||
| 260 | _bAll India Rubber Industries Association | ||
| 300 | _a145p. | ||
| 856 | _uhttps://www.allindiarubber.net/useful-resources/pdf/career-in-rubber.pdf | ||
| 942 | _cEB | ||
| 999 |
_c75791 _d75791 |
||